00779cam a22002297a 4500003000500000005001700005008004100022010001000063011001000073035001000083040000900093100004000102245009700142260006800239300001000307410006300317490002800380650002600408650002400434810006300458830002800521CHAP20220817043424.0980317d1993 mx r 00110 spa d a74983 a75955 a85529 cCHAP00aRodríguez Montes de Oca, Roberto.10aEnfermedades del hule Hevea brasiliensis Muell. Arg.c/por Roberto Rodríguez Montes de Oca aEl Palmar, Ver. :bINIFAP. Campo Experimental El Palmar,c1993. a14 p.21aINIFAP. Campo Experimental El Palmar.bDivisión Forestal 0aFolleto técnicov; 2014aCauchoxEnfermedades.14aHevea brasiliensis.21aINIFAP. Campo Experimental El Palmar.bDivisión Forestal0 aFolleto técnicov; 20